Catálogo
 En Linea

Los cómicos : (Registro nro. 42377)

Detalles MARC
000 -CABECERA
campo de control de longitud fija 00818nam a2200229 a 4500
001 - NÚMERO DE CONTROL
campo de control 000042888
005 - FECHA Y HORA DE LA ÚLTIMA TRANSACCIÓN
campo de control 20201002040457.0
008 - DATOS DE LONGITUD FIJA--INFORMACIÓN GENERAL
campo de control de longitud fija 140212s1995 sp ac 000 0 spa d
020 ## - NÚMERO INTERNACIONAL ESTÁNDAR DEL LIBRO
Número Internacional Estándar del Libro 8481350966
020 ## - NÚMERO INTERNACIONAL ESTÁNDAR DEL LIBRO
Número Internacional Estándar del Libro 84-81350907
040 ## - FUENTE DE LA CATALOGACIÓN
Centro catalogador/agencia de origen DO-SdBNP
Lengua de catalogación spa
Centro/agencia transcriptor BNPHU
082 ## - NÚMERO DE LA CLASIFICACIÓN DECIMAL DEWEY
Número de clasificación xxx
Número de documento/Ítem xxx
100 1# - ENTRADA PRINCIPAL--NOMBRE DE PERSONA
Nombre de persona Román, Manuel,
Fechas asociadas al nombre 1945-
9 (RLIN) 70327
245 14 - MENCIÓN DE TÍTULO
Título Los cómicos :
Resto del título vida y anécdota de los actores españoles más populares del siglo /
Mención de responsabilidad, etc. Manuel Román.
260 ## - PUBLICACIÓN, DISTRIBUCIÓN, ETC.
Lugar de publicación, distribución, etc. Barcelona :
Nombre del editor, distribuidor, etc. Royal Books,
Fecha de publicación, distribución, etc. 1995.
300 ## - DESCRIPCIÓN FÍSICA
Extensión v. :
Otras características físicas il., retrs. ;
Dimensiones 23 cm.
490 1# - MENCIÓN DE SERIE
Mención de serie 100 años de cine español --
500 ## - NOTA GENERAL
Nota general En cubierta: Crónica de los grandes actores españoles.
505 0# - NOTA DE CONTENIDO CON FORMATO
Nota de contenido con formato Las glorias nacionales --
Título El drama lorquiano --
Información miscelánea v. 1
500 ## - NOTA GENERAL
Nota general La biblioteca posee el v. 1.
830 #0 - PUNTO DE ACCESO ADICIONAL DE SERIE-TÍTULO UNIFORME
Título uniforme 100 años de cine español
9 (RLIN) 70328
Existencias
Estado de retiro Estado de pérdida Restricciones de uso No para préstamo Código de colección Localización permanente Ubicación/localización actual Ubicación en estantería Fecha de adquisición Número de inventario Total de préstamos Signatura topográfica completa Código de barras Fecha visto por última vez Precio válido a partir de Tipo de ítem Koha
      Excluido de préstamo Monografías: Libros y Folletos General General En catalogación 12.02.2014 LF1   v. 2 42888-10 25.06.2020 25.06.2020 No se presta
        Monografías: Libros y Folletos General General Orden iniciada 07.05.2014 LF1   xxx xxx 42888-20 25.06.2020 25.06.2020 No se presta

Con tecnología Koha